Представление документа в формате MARC21

Поле Инд. ПП Название Значение
Тип записи a
Библиографический уровень m
001 Контрольный номер 18d73dac0f174b8bb7627081ea8ff15a
005 Дата корректировки 20250627145704.7
008 Кодируемые данные 20210203
022 0_ a ISSN 0321-1878
084 a Индекс другой классификации/Индекс ББК 84(2=411.2)6; 83.3(2=411.2)6; 63.3(2)5
090 a Полочн. индекс 95.2
099 a Индекс 42215
245 10 a Заглавие Звезда
n Номер части/ раздела №12/2020
b Продолж. заглавия ежемесячный литературно-художественный и общественно-политический независимый журнал
c Ответственность учредитель: ООО "Журнал "Звезда""; ген. директор Я. А. Гордин
h Физич. носитель Текст
260 c Дата издания 2020
b Издательство Звезда
a Место издания Санкт-Петербург
300 a Объем 288 с.
500 a Примечание Журнал
505 0_ a Форматированное содержание Стихи
b Автор Фет А. А.
505 0_ a Форматированное содержание Стихи
b Автор Леонтьев А.
505 0_ a Форматированное содержание Любовь эпохи Ковида
b Автор Попов В.
505 0_ a Форматированное содержание Стихи
b Автор Фролов А.
505 0_ a Форматированное содержание Из рассказов о Петрове
b Автор Резник В.
n Доп. информация Окончание. Начало в № 3/2030
505 0_ a Форматированное содержание Стихи
b Автор Семенов С.
505 0_ a Форматированное содержание Стихи
b Автор Попов С. В.
505 0_ a Форматированное содержание Копии царя Соломона
b Автор О.Камов
505 0_ a Форматированное содержание Стихи
b Автор Францев А.
505 0_ a Форматированное содержание Ровно тридцать лет и три года
b Автор Гумерова А.
505 0_ a Форматированное содержание Рассказы
b Автор Рыбин А.
505 0_ a Форматированное содержание Необязательные сведения об аритмиях для интеллигентных врачей и пациентов
b Автор Шубик Ю.
505 0_ a Форматированное содержание Человек и власть
b Автор Гордин Я.
505 0_ a Форматированное содержание Письма из Партизанского края
b Автор Толстухина И. И.
505 0_ a Форматированное содержание География по Страбону
b Автор Хаймович Б.
505 0_ a Форматированное содержание Стихия свободы
b Автор Макарова Е.
n Доп. информация Письма из Беларуси ( 11 сентября - 11 октября 2020 )
505 0_ a Форматированное содержание Перечитывая "Онегина"
b Автор Кушнер А.
505 0_ a Форматированное содержание Бунин: стихи и проза
b Автор Невзглядова Е.
505 0_ a Форматированное содержание Филий, или Спор о древних и новых
b Автор Жолковский А.
505 0_ a Форматированное содержание Чтение как нора
b Автор Елисеев Н.
505 0_ a Форматированное содержание "Там, за темным океаном"
b Автор Карасти Р.
n Доп. информация "Песня о побережье" Олега Охапкина
505 0_ a Форматированное содержание Критическая антропология Достоевского
b Автор Смирнов И.
n Доп. информация Статья первая. В преддверии больших романов
505 0_ a Форматированное содержание Духовность и аристократизм - странное сближенье
b Автор Мелихов А.
505 0_ a Форматированное содержание Почти как прежде
b Автор Арьев А.
600 14 a Персоналии Бунин Иван Алексеевич
a Персоналии Волгин Игорь Леонидович
a Персоналии Достоевский Федор Михайлович
a Персоналии Охапкин Олег Александрович
a Персоналии Рохлин Борис Борисович
650 04 a Основная рубрика литературоведение
a Основная рубрика художественная литература
653 0_ a Ключевые слова "Жизнь Арсеньева"
a Ключевые слова "Митина любовь"
a Ключевые слова "Народная воля"
a Ключевые слова XIX век
a Ключевые слова XX век
a Ключевые слова XXI век
a Ключевые слова история
a Ключевые слова книги
a Ключевые слова литература
a Ключевые слова литературная критика
a Ключевые слова народничество
a Ключевые слова Россия
a Ключевые слова русская литература
a Ключевые слова символизм
a Ключевые слова террор
a Ключевые слова чтение
655 a Жанр/ форма (устаревшее) проза
a Жанр/ форма (устаревшее) поэзия
a Жанр/ форма (устаревшее) стихотворение
a Жанр/ форма (устаревшее) письма
a Жанр/ форма (устаревшее) пьеса
a Жанр/ форма (устаревшее) рассказ
a Жанр/ форма (устаревшее) хроника
a Жанр/ форма (устаревшее) эссе
700 12 a Автор Фет А. А.
q Полное имя Фет Афанасий Афанасьевич
700 1_ a Автор Леонтьев А.
q Полное имя Леонтьев Александр Юрьевич
700 1_ a Автор Попов В.
q Полное имя Попов Валерий Георгиевич
700 1_ a Автор Фролов А.
q Полное имя Фролов Александр Вадимович
700 1_ a Автор Резник В.
q Полное имя Резник Вера Григорьевна
700 1_ a Автор Семенов С.
q Полное имя Семенов Сергей Владимирович
700 1_ a Автор Попов С.
q Полное имя Попов Сергей Викторович
700 1_ a Автор О.Камов
700 1_ a Автор Францев А.
q Полное имя Францев Александр Викторович
700 1_ a Автор Гумерова А.
q Полное имя Гумерова Альбина Ильдаровна
700 1_ a Автор Рыбин А.
q Полное имя Рыбин Александр Сергеевич
700 1_ a Автор Шубик Ю.
q Полное имя Шубик Юрий Викторович
700 1_ a Автор Гордин Я.
q Полное имя Гордин Яков Аркадьевич
700 1_ a Автор Толстухина И.
q Полное имя Толстухина Ирина Ивановна
700 1_ a Автор Хаймович Б.
q Полное имя Хаймович Борис Наумович
700 1_ a Автор Кушнер А.
q Полное имя Кушнер Александр Семенович
700 1_ a Автор Невзглядова Е.
q Полное имя Невзглядова Елена Всеволодовна
700 1_ a Автор Макарова Е.
q Полное имя Макарова Елена Григорьевна
700 1_ a Автор Жолковский А.
q Полное имя Жолковский Александр Константинович
700 1_ a Автор Елисеев Н.
q Полное имя Елисеев Никита Львович
700 1_ a Автор Карасти Р.
q Полное имя Карасти Рейн Петрович
700 1_ a Автор Смирнов И.
q Полное имя Смирнов Игорь
700 1_ a Автор Мелихов А.
q Полное имя Мелихов Александр Мотельевич
700 1_ a Автор Арьев А.
q Полное имя Арьев Андрей Юрьевич
773 18 w Контрольный № источника RU/IS/BASE/408119542
901 t Тип документа s
952 a Тип литературы для КСУ ВШ ЛХЖ
991 s 6